|
|
|
|
| LEADER |
02362nam a2200577 4500 |
| 001 |
ocn789664716 |
| 003 |
OCoLC |
| 005 |
20170124070045.4 |
| 006 |
m o d |
| 007 |
cr ||||||||||| |
| 008 |
120426s2011 dcua ob 001 0 eng |
| 040 |
|
|
|a CGU
|b eng
|e pn
|c CGU
|d COO
|d CUS
|d OCLCQ
|d DG1
|d YDXCP
|d N$T
|d E7B
|d IDEBK
|d DG1
|d OCLCQ
|d DG1
|d GrThAP
|
| 019 |
|
|
|a 772503530
|a 842929828
|
| 020 |
|
|
|a 9781118670354
|q (electronic bk.)
|
| 020 |
|
|
|a 1118670353
|q (electronic bk.)
|
| 020 |
|
|
|a 9781118672310
|q (electronic bk.)
|
| 020 |
|
|
|a 1118672313
|q (electronic bk.)
|
| 020 |
|
|
|z 9780875904825
|q (alk. paper)
|
| 020 |
|
|
|z 0875904823
|q (alk. paper)
|
| 029 |
1 |
|
|a AU@
|b 000051629355
|
| 029 |
1 |
|
|a NZ1
|b 15396474
|
| 029 |
1 |
|
|a DEBBG
|b BV043394497
|
| 035 |
|
|
|a (OCoLC)789664716
|z (OCoLC)772503530
|z (OCoLC)842929828
|
| 043 |
|
|
|a t------
|a r------
|
| 050 |
|
4 |
|a GC461
|b .A596 2011
|
| 072 |
|
7 |
|a NAT
|x 018000
|2 bisacsh
|
| 082 |
0 |
4 |
|a 551.48/2
|2 22
|
| 049 |
|
|
|a MAIN
|
| 245 |
0 |
0 |
|a Antarctic subglacial aquatic environments /
|c Martin J. Siegert, Mahlon C. Kennicutt II, Robert A. Bindschadler, editors.
|
| 264 |
|
1 |
|a Washington, DC :
|b American Geophysical Union,
|c 2011.
|
| 300 |
|
|
|a 1 online resource (vii, 246 pages) :
|b illustrations (some color).
|
| 336 |
|
|
|a text
|b txt
|2 rdacontent
|
| 337 |
|
|
|a computer
|b c
|2 rdamedia
|
| 338 |
|
|
|a online resource
|b cr
|2 rdacarrier
|
| 490 |
1 |
|
|a Geophysical monograph ;
|v 192
|
| 588 |
0 |
|
|a Print version record.
|
| 504 |
|
|
|a Includes bibliographical references and index.
|
| 650 |
|
0 |
|a Subglacial lakes
|z Antarctica
|x History.
|
| 650 |
|
0 |
|a Subglacial lakes
|z Antarctica
|x Discovery and exploration.
|
| 650 |
|
0 |
|a Subglacial lakes
|z Polar regions
|x History.
|
| 650 |
|
0 |
|a Subglacial lakes
|z Polar regions
|x Discovery and exploration.
|
| 650 |
|
0 |
|a Aquatic ecology
|z Antarctica.
|
| 650 |
|
7 |
|a NATURE
|x Ecosystems & Habitats
|x Lakes, Ponds & Swamps.
|2 bisacsh
|
| 655 |
|
4 |
|a Electronic books.
|
| 700 |
1 |
|
|a Siegert, Martin J.
|
| 700 |
1 |
|
|a Kennicutt, Mahlon C.
|
| 700 |
1 |
|
|a Bindschadler, R. A.
|q (Robert A.)
|
| 776 |
0 |
8 |
|i Print version:
|t Antarctic subglacial aquatic environments.
|d Washington, DC : American Geophysical Union, 2011
|z 9780875904825
|w (DLC) 2011007605
|w (OCoLC)706677518
|
| 830 |
|
0 |
|a Geophysical monograph ;
|v 192.
|
| 856 |
4 |
0 |
|u https://doi.org/10.1029/GM192
|z Full Text via HEAL-Link
|
| 994 |
|
|
|a 92
|b DG1
|